| 000 | 00568nam a2200217Ia 4500 | ||
|---|---|---|---|
| 001 | 7477 | ||
| 003 | GE_BSU | ||
| 008 | 181216s||||||||xx |||||||||||||| ||und|| | ||
| 040 | _cGE_BSU | ||
| 080 | _a624.072.33 | ||
| 100 | _aЖемочкин,Б.Н. | ||
| 245 | _aРасчет рам. | ||
| 245 | _cНауч. ред. И.К.Снитко. | ||
| 260 | _aМ. | ||
| 260 | _bИзд-во литературыпо строительству. | ||
| 260 | _c1965. | ||
| 300 | _a406стр.22см. | ||
| 300 | _eЧертеж. | ||
| 653 | _aРасчет рам. | ||
| 942 | _cBK | ||
| 999 |
_c40837 _d40837 |
||